|
|
|
|
| LEADER |
00000cam a2200000 7i4500 |
| 001 |
0000086597 |
| 005 |
20040804.0 |
| 090 |
0 |
0 |
|a F
|b DRJ
|
| 100 |
1 |
|
|a Phillips, Maurice
|
| 245 |
1 |
0 |
|a Dr Jekyll & Mr Hyde [
|h video compact disc]
|c Maurice Phillips
|
| 260 |
|
|
|a s.l :
|b Universal Pictures ,
|c 2003
|
| 300 |
|
|
|a 2 Video compact disc (99 minutes) :
|b col
|
| 500 |
|
|
|a Library has 2 copies
|
| 520 |
0 |
|
|a For 18+ with non-excessive violent/horrifying scenes (18 SG)
|
| 650 |
0 |
0 |
|a Horror fiction
|x AV collection
|
| 999 |
|
|
|a AV 09310
|b VIDEO COMPACT DISC
|c FICTION
|e PERPUSTAKAAN KOMUNITI PETALING JAYA
|
| 999 |
|
|
|a AV 09311
|b VIDEO COMPACT DISC
|c FICTION
|e PERPUSTAKAAN KOMUNITI PETALING JAYA
|